Personas nombradas por Bad Bunny y Eladio carriónen thunder y lighting - Estadísticas

Estadísticas generales
  • Esta prueba ha sido intentada 120 veces
  • La puntuación promedio es 11 de 20
Estadísticas de respuestas
Imagen Respuesta % Correcto
Eladio Carrión
99%
Lionel Messi
99%
Super Mario
99%
Bad Bunny
95%
Kobe Bryant
94%
J Balvin
93%
Patricio Estrella
91%
Shaquille O'Neal
74%
Luka Dončić
73%
Ricky Martin
72%
Benjamin Franklin
51%
Barney Stinson (Neil Patrick Harris)
40%
Nas
33%
thunder y lightning
29%
Eddie Dee
26%
Kendo Kaponi
23%
Mike Trout
16%
Vladimir Guerrero
12%
Igor Shesterkin
8%
Jeff Hardy y Matt Hardy (Hardy Boyz)
4%
No se encontraron pruebas coincidentes
Distribución de puntuación
Porcentaje de gente con cada puntuación
Porcentaje por número respondido
Historial de tus puntuaciones
No has intentado esta prueba.